|
|
|
|
| LEADER |
00965nam a2200265 a 4500 |
| 001 |
000675702 |
| 003 |
CZ BrMZK |
| 005 |
20030630112946.0 |
| 008 |
030630s1960 xr f cze d |
| 015 |
|
|
|a cnb000686456
|
| 035 |
|
|
|a (OCoLC)85463835
|
| 040 |
|
|
|a BOA001
|b cze
|c BOA002
|
| 100 |
1 |
|
|a Černý, Ilja,
|d 1929-
|7 jk01021538
|4 aut
|
| 245 |
1 |
0 |
|a Integrální počet.
|n Díl 1 /
|c Ilja Černý, Jan Mařík
|
| 250 |
|
|
|a 1. vyd.
|
| 260 |
|
|
|a Praha :
|b Státní pedagogické nakladatelství,
|c 1960
|
| 300 |
|
|
|a 109 s.
|
| 490 |
1 |
|
|a Učební texty vysokých škol
|
| 700 |
1 |
|
|a Mařík, Jan,
|d 1920-1994
|7 jk01080439
|4 aut
|
| 710 |
2 |
|
|a Univerzita Karlova.
|b Matematicko-fyzikální fakulta
|7 kn20010710349
|
| 830 |
|
0 |
|a Učební texty vysokých škol
|
| 910 |
|
|
|a BOA001
|b PK-N-0004.584,1
|
| 964 |
|
|
|a Počet integrální - učebnice - školy vysoké
|
| 990 |
|
|
|a BK
|
| 996 |
6 |
|
|b BC-97808
|c PK-N-0004.584,1
|l MZK
|r Sklad / do 1 hodiny
|n 0
|w 000675702
|u 000010
|a 1
|e BOA001
|j MZK50
|s P
|